Pred bránami štvrťfinále vo štvrtom vystúpení našich hokejistov na MS: Slovensko-Švédsko 2:1 (0:1, 0:0, 2:0)

Bibliographic Details
Format: Article
Language:Slovak
PhysicalDescription:Fotogr.
ISSN:0139-7001
Subjects:

MARC

LEADER 00000nab a2200000 a 4500
001 vtls000793779
003 SK-MaSNL
005 20260302154559.0
008 180206c2002 xo 0 slo
015 |a SNBRB2002/05-15863 
035 |a CLN000145434 
040 |a SNKBUCL  |b slo  |c SNKBUCL  |e AACR2 
041 0 |a slo 
044 |a xo  |c SK 
080 |a 796.966.093.1(100)  |2 UDC-MRF-SK2 
245 0 0 |a Pred bránami štvrťfinále  |b vo štvrtom vystúpení našich hokejistov na MS: Slovensko-Švédsko 2:1 (0:1, 0:0, 2:0) 
300 |b Fotogr. 
611 1 7 |a Majstrovstvá sveta v ľadovom hokeji  |d (2002 :  |c Švédsko)  |2 snkbucl  |9 239389 
650 0 7 |a hokej ľadový  |x Slovensko-Švédsko  |2 snkbucl  |9 851551 
655 7 |a články z novín a časopisov  |2 snkbucl  |9 267496 
773 0 |x 0139-7001  |t Šport  |g Roč. 56, č. 102 (3.5.2002) 
773 0 |x 0139-7001  |t [Príl.] Šport extra  |g S. 28 
850 |a Slovenská národná knižnica v Martine 
852 |a SNK  |b KIS3GCP 
958 |a RBX 
999 |c 1368877  |d 1370807